|
|
|
|
| LEADER |
04808nam a2200625 4500 |
| 001 |
978-3-540-47738-9 |
| 003 |
DE-He213 |
| 005 |
20191026031550.0 |
| 007 |
cr nn 008mamaa |
| 008 |
121227s2001 gw | s |||| 0|eng d |
| 020 |
|
|
|a 9783540477389
|9 978-3-540-47738-9
|
| 024 |
7 |
|
|a 10.1007/3-540-47738-1
|2 doi
|
| 040 |
|
|
|d GrThAP
|
| 050 |
|
4 |
|a QA75.5-76.95
|
| 050 |
|
4 |
|a QA76.63
|
| 072 |
|
7 |
|a UY
|2 bicssc
|
| 072 |
|
7 |
|a COM014000
|2 bisacsh
|
| 072 |
|
7 |
|a UY
|2 thema
|
| 072 |
|
7 |
|a UYA
|2 thema
|
| 082 |
0 |
4 |
|a 004.0151
|2 23
|
| 245 |
1 |
0 |
|a Discrete and Computational Geometry
|h [electronic resource] :
|b Japanese Conference, JCDCG 2000, Tokyo, Japan, November, 22-25, 2000. Revised Papers /
|c edited by Jin Akiyama, Mikio Kano, Masatsugu Urabe.
|
| 250 |
|
|
|a 1st ed. 2001.
|
| 264 |
|
1 |
|a Berlin, Heidelberg :
|b Springer Berlin Heidelberg :
|b Imprint: Springer,
|c 2001.
|
| 300 |
|
|
|a XII, 388 p.
|b online resource.
|
| 336 |
|
|
|a text
|b txt
|2 rdacontent
|
| 337 |
|
|
|a computer
|b c
|2 rdamedia
|
| 338 |
|
|
|a online resource
|b cr
|2 rdacarrier
|
| 347 |
|
|
|a text file
|b PDF
|2 rda
|
| 490 |
1 |
|
|a Lecture Notes in Computer Science,
|x 0302-9743 ;
|v 2098
|
| 505 |
0 |
|
|a Papers -- Dudeney Dissections of Polygons and Polyhedrons - A Survey - -- Universal Measuring Devices Without Gradations -- A Note on the Purely Recursive Dissection for a Sequentially n-Divisible Square -- Sequentially Divisible Dissections of Simple Polygons -- Packing Convex Polygons into Rectangular Boxes -- On the Number of Views of Polyhedral Scenes -- Problems and Results around the Erdös-Szekeres Convex Polygon Theorem -- On Finding Maximum-Cardinality Symmetric Subsets -- Folding and Unfolding Linkages, Paper, and Polyhedra -- On the Skeleton of the Metric Polytope -- Geometric Dissections that Swing and Twist -- On Convex Decompositions of Points -- Volume Queries in Polyhedra -- Sum of Edge Lengths of a Graph Drawn on a Convex Polygon -- On double bound graphs with respect to graph operations -- Generalized Balanced Partitions of Two Sets of Points in the Plane -- On Paths in a Complete Bipartite Geometric Graph -- Approximating Uniform Triangular Meshes for Spheres -- The construction of Delaunay diagrams by lob reduction -- Geometric Transformation in Plane Triangulations -- Separation Sensitive Kinetic Separation Structures for Convex Polygons -- On Acute Triangulations of Quadrilaterals -- Intersecting Red and Blue Line Segments in Optimal Time and Precision -- Tight Error Bound of Goemetric Problems on Convex Objects with Imprecise Coordinates -- Triangle Contact Systems, Orthogonal Plane Partitions, and their Hit Graphs -- Note on Diagonal Flips and Chromatic Numbers of Quadrangulations on Closed Surfaces -- An Extension of Cauchy's Arm Lemma with Application to Curve Development -- On the complexity of the union of geometric objects -- Structure Theorems for Systems of Segments -- 3-Dimensional Single Active Layer Routing -- Nonregular triangulations, view graphs of triangulations, and linear programming duality -- Efficient Algorithms for Searching a Polygonal Room with a Door -- A New Structure of Cylinder Packing -- Efficient algorithms for the minimum diameter bridge problem -- Illuminating Both Sides of Line Segments.
|
| 650 |
|
0 |
|a Computers.
|
| 650 |
|
0 |
|a Geometry.
|
| 650 |
|
0 |
|a Application software.
|
| 650 |
|
0 |
|a Algorithms.
|
| 650 |
|
0 |
|a Computer science-Mathematics.
|
| 650 |
|
0 |
|a Computer graphics.
|
| 650 |
1 |
4 |
|a Theory of Computation.
|0 http://scigraph.springernature.com/things/product-market-codes/I16005
|
| 650 |
2 |
4 |
|a Geometry.
|0 http://scigraph.springernature.com/things/product-market-codes/M21006
|
| 650 |
2 |
4 |
|a Computer Applications.
|0 http://scigraph.springernature.com/things/product-market-codes/I23001
|
| 650 |
2 |
4 |
|a Algorithm Analysis and Problem Complexity.
|0 http://scigraph.springernature.com/things/product-market-codes/I16021
|
| 650 |
2 |
4 |
|a Discrete Mathematics in Computer Science.
|0 http://scigraph.springernature.com/things/product-market-codes/I17028
|
| 650 |
2 |
4 |
|a Computer Graphics.
|0 http://scigraph.springernature.com/things/product-market-codes/I22013
|
| 700 |
1 |
|
|a Akiyama, Jin.
|e editor.
|4 edt
|4 http://id.loc.gov/vocabulary/relators/edt
|
| 700 |
1 |
|
|a Kano, Mikio.
|e editor.
|4 edt
|4 http://id.loc.gov/vocabulary/relators/edt
|
| 700 |
1 |
|
|a Urabe, Masatsugu.
|e editor.
|4 edt
|4 http://id.loc.gov/vocabulary/relators/edt
|
| 710 |
2 |
|
|a SpringerLink (Online service)
|
| 773 |
0 |
|
|t Springer eBooks
|
| 776 |
0 |
8 |
|i Printed edition:
|z 9783662196182
|
| 776 |
0 |
8 |
|i Printed edition:
|z 9783540423065
|
| 830 |
|
0 |
|a Lecture Notes in Computer Science,
|x 0302-9743 ;
|v 2098
|
| 856 |
4 |
0 |
|u https://doi.org/10.1007/3-540-47738-1
|z Full Text via HEAL-Link
|
| 912 |
|
|
|a ZDB-2-SCS
|
| 912 |
|
|
|a ZDB-2-LNC
|
| 912 |
|
|
|a ZDB-2-BAE
|
| 950 |
|
|
|a Computer Science (Springer-11645)
|